00613nam a2200169Ia 4500999001700000082001200017100001900029245010100048260003000149300002000179650003100199650003900230650004500269710001600314942001200330952010100342 c10386d10386 aTH.0038 aHara Gopal, G. 0aAdministrative leadership in Panchayati Raj: a case study of panchayat samithi in Andhra Pradesh c1977bKakatiya University a329p.+ C D - 36 aPANCHAYAT - ANDHRA PRADESH aLEADERSHIP, RURAL - ANDHRA PRADESH aANDHRA PRADESH - OFFICIALS AND EMPLOYEES aJames, P.A. cTH2ddc 00104070aNASSDOCbNASSDOCd2004-10-08l0oTH.0038p12387r2019-04-18 00:00:00w2019-04-18yTH